Owari no Seraph / Seraph of the End (Characters) - Statistics

General Stats
  • This quiz has been taken 19 times
    16 since last reset
  • The average score is 5 of 16
Answer Stats
Picture Hint Answer % Correct
Lest Karr
100%
Mikaela Shindō (Hyakuya)
100%
Mirai Kimizuki
100%
Shihō Kimizuki
100%
Shinya Hīragi
100%
Krul Tepes
80%
Yūichirō Amane (Hyakuya)
75%
Demon (Name the weapon) Byakkomaru
67%
Ferid Bathory
67%
Guren Ichinose
67%
René Simm
67%
Chess Belle
50%
Demon Mahiru Hīragi
50%
Makoto Narumi
50%
Sayuri Hanayori
50%
Shinoa Hīragi
50%
Yoichi Saotome
50%
Demon Asuramaru
40%
Kureto Hīragi
40%
Mito Jūjō
40%
Crowley Eusford
33%
Demon (Name the weapon) Raimeiki
33%
Tomoe Saotome
33%
Demon (Name the weapon) Genbushin
25%
Mitsuba Sangū
25%
Horn Skuld
20%
Demon Kiseki-Ō
20%
Tenri Hīragi
17%
Demon Abaddon
0%
Aiko Aihara
0%
Demon (Name the weapon) Akahebi
0%
Aoi Sangū
0%
Eita Kusunoki
0%
Demon Gekkouin
0%
Lacus Welt
0%
Lucal Wesker
0%
Mel Stefano
0%
Noin Teta
0%
Norito Goshi
0%
Rika Inoue
0%
Riko
0%
Satoshi Yamanaka
0%
Seishirō Hīragi
0%
Shahal
0%
Shigure Yukimi
0%
Demon Shikama Dōji
0%
Shūsaku Iwasaki
0%
Tarō Kagiyama
0%
Demon Tenjiryū
0%
Yayoi Endō
0%
Yūji
0%
No matching quizzes found
Score Distribution
Percent of People with Each Score
Percentile by Number Answered
Your Score History
You have not taken this quiz since the last reset